| 000 | 00726nam a2200265Ia 4500 | ||
|---|---|---|---|
| 005 | 20260121172626.0 | ||
| 008 | 008 260114s9999 xx 000 0 eng d | ||
| 020 | _a9783030796501 | ||
| 037 | _aEBOOK | ||
| 040 | _aCRL | ||
| 040 | _beng | ||
| 040 | _cCRL | ||
| 041 | _2eng | ||
| 041 | _aeng | ||
| 084 | _qCRL | ||
| 100 |
_aHadi Khabbaz, Yang Xiao, Jia-Ruey Chang _91090717 |
||
| 245 | 0 | _aSmart and Green Solutions for Civil Infrastructures Incorporating Geological and Geotechnical Aspects | |
| 260 | _bSpringer | ||
| 260 | _bSpringer | ||
| 260 | _c2021 | ||
| 856 | _uhttps://link.springer.com/openurl?genre=book&isbn=978-3-030-79650-1 | ||
| 942 | _cEBOOK | ||
| 999 |
_c1656457 _d1656457 |
||